| 000 | 01236nam a2200241Ii 4500 | ||
|---|---|---|---|
| 003 | JO-AjNU | ||
| 005 | 20240626110132.0 | ||
| 008 | 230605s9999||||xx |||||||||||||| ||und|| | ||
| 040 |
_aJO-AjNU _bara _erda _cJO-AjNU |
||
| 041 | _aara | ||
| 050 | 1 | 4 | _aHD60.2022 |
| 100 | 1 |
_aالسمارة، علي ابراهيم علي _eمعد _965683 |
|
| 245 | 1 |
_aدور المسؤولية الاجتماعية في تنمية المشاريع الريادية لدى وزارة التنمية الاجتماعية الاردنية = The Role of Social Responsibility in Developing Entrepreneurial Projects For Jordanian Ministry of Social Development / _cاعداد علي ابراهيم علي السمارة؛ اشراف هشام علي الشطناوي |
|
| 264 | 3 | 1 | _a 2022 |
| 300 | _a104 ورقة | ||
| 336 |
_atext _btxt _2rdacontent |
||
| 337 |
_aunmediated _bn _2rdamedia |
||
| 338 |
_avolume _bnc _2rdacarrier |
||
| 500 | _aرسالة جامعية(اطروحة ماجستير) تخصص ادارة الاعمال/كلية ادارة الاعمال، جامعة عجلون الوطنية، 2022 | ||
| 650 | 4 |
_aالمسؤولية الاجتماعية _963298 |
|
| 700 | 1 |
_aشطناوي،هشام علي _964865 _eمشرف |
|
| 942 |
_2lcc _cTHS |
||
| 999 |
_c32271 _d32271 |
||